000 00659nam a2200205Ia 4500
003 GCL
008 140319s9999 xx 000 0 ara d
020 _a0138345977
040 _aGCL /
_cGCL
082 0 4 _aط
_b005.3
_bم ا
100 1 _aماران، روث
245 1 0 _aاوت لوك OUT LOOK /
_cماران، روث
250 _aالاولى
260 _aالقاهرة :
_bقسم النشر للاطفال بدار الفاروق ،
_c2002
300 _a24 ص ؛
_c30سم
490 _aسلسلة الكمبيوتر للأطفال
_v0
650 0 4 _aبرامج الحاسبات الالكترونية
650 0 4 _aاوت لوك
942 _2ddc
_cBK
999 _c8272
_d8272